Dân ca hát dặm Hà Nam
Nguồn gốc và tổ chức hát dặm Hà Nam. Ý nghĩa nội dung và nghệ thuật của hát dặm. Những bài dân ca hát dặm Hà Nam
में बचाया:
| मुख्य लेखक: | |
|---|---|
| स्वरूप: | पुस्तक |
| भाषा: | Vietnamese |
| प्रकाशित: |
H.
Văn hoá Thông tin
2014
|
| विषय: | |
| टैग : |
टैग जोड़ें
कोई टैग नहीं, इस रिकॉर्ड को टैग करने वाले पहले व्यक्ति बनें!
|
| Thư viện lưu trữ: | Mạng thư viện Đại học Đà Nẵng |
|---|
| LEADER | 01707aam a22004458a 4500 | ||
|---|---|---|---|
| 001 | 000020598 | ||
| 003 | 17044 | ||
| 005 | 20150330090317.0 | ||
| 008 | 150324s2014 viesd | ||
| 020 | |d 502b | ||
| 041 | |a vie | ||
| 082 | 1 | 4 | |2 14 |a 781.629592 |b TR-V |
| 084 | |a V3(1)-63 | ||
| 084 | |b H000V | ||
| 100 | 1 | |a Trọng Văn | |
| 245 | 1 | 0 | |a Dân ca hát dặm Hà Nam |c Trọng Văn |
| 260 | |a H. |b Văn hoá Thông tin |c 2014 | ||
| 300 | |a 175 tr. |c 21 cm. | ||
| 504 | |a Thư mục tr.175 | ||
| 520 | |a Nguồn gốc và tổ chức hát dặm Hà Nam. Ý nghĩa nội dung và nghệ thuật của hát dặm. Những bài dân ca hát dặm Hà Nam | ||
| 650 | 0 | 4 | |2 Bộ TK TVQG |a Dân ca hát dặm |x Văn hóa dân gian |z Hà Nam |
| 651 | 7 | |2 Bộ TK TVQG |a Việt Nam | |
| 651 | 7 | |2 Bộ TK TVQG |a Bắc Giang | |
| 653 | |a Dân ca hát dặm | ||
| 653 | |a Văn hóa dân gian | ||
| 653 | |a Âm nhạc dân gian | ||
| 655 | 7 | |2 Bộ TK TVQG |a Dân ca | |
| 655 | 7 | |2 Bộ TK TVQG |a Hát ví | |
| OWN | |a LSP | ||
| AVA | |a UDN50 |b LNN |d 895.922 TR-V |e available |t Error 5001 Not defined in file expand_doc_bib_avail. |f 1 |g 0 |h N |i 0 | ||
| AVA | |a UDN50 |b LSP |d 781.629592 TR-V |e available |t Error 5001 Not defined in file expand_doc_bib_avail. |f 1 |g 0 |h N |i 0 |k 1 | ||
| 999 | |a From the UDN01 | ||
| AVA | |a UDN50 |b LNN |d 895.922 TR-V |e available |t Error 5001 Not defined in file expand_doc_bib_avail. |f 1 |g 0 |h N |i 0 | ||
| AVA | |a UDN50 |b LSP |d 781.629592 TR-V |e available |t Error 5001 Not defined in file expand_doc_bib_avail. |f 1 |g 0 |h N |i 0 |k 1 | ||
| TYP | |a Monograph | ||
| TYP | |a Printed language | ||
| 980 | |a Mạng thư viện Đại học Đà Nẵng | ||